000 00764aam a2200289 i 4500
001 768714001
003 CO-MdFUSB
005 20250510121307.0
007 ta
008 250510t1987 sp |||| |||| 00| 0 spa d
020 _a84-7645-179-2
040 _cCO-MdFUSB
041 0 _aspa
082 0 4 _223
_a242.72
_bD596a
100 1 _aDi Pardo, Armando
_eautor
245 1 0 _aAprendiendo a orar en la lección de la cruz
_c/ Armando Di Pardo
264 1 _bClie,
_aTerrassa, Barcelona, España :
_c[1987]
264 4 _c©1987
300 _a245 páginas
336 _atexto
_btxt
_2rdacontent
337 _2rdamedia
_asin mediación
_bn
338 _2rdacarrier
_avolumen
_bnc
563 _aRústico
650 7 _aOración
_986
942 _cBK
945 _aJTF-925
999 _c35683
_d35683